Summae Moralis Theologiae. Sive tractatuum de casibus conscientiae in quibus fere omnes difficultates, ad internum et plurimae ad externum forum pertienentes breviter ac perspicue exponuntur. Tomus secundus ... (Registro nro. 39780)

Detalles MARC
000 -ENCABEZADO
Número de control [NR] 03610nam a2200361Ia 4500
008 - DE LONGITUD FIJA DE DATOS DE ELEMENTOS - INFORMACIÓN GENERAL
Elementos de longitud fija [NR] 130821s1626 fr gr spa
040 ## - FUENTE DE CATALOGACION [NR]
Agencia de catalogación original [NR] Co-BoUCM
Idioma de catalogación [NR] spa
041 0# - CODIGO DE IDIOMA [R]
Código de idioma para texto/pista de sonido o título separado [R] Latín
092 ## - SIGNATURA TOPOGRAFICA LOCAL
Número de clasificación local E23N037
100 1# - ASIENTO PRINCIPAL--NOMBRE PERSONAL [NR]
Nombre personal [NR] Bonacina, Martino
Fechas asociadas con el nombre [NR] d. 1631
242 00 - TRADUCCION DEL TITULO POR LA AGENCIA CATALOGADORA [R]
Título [NR] Compendio de Teología Moral. Tratado de casos de conciencia en el que se exponen, breve y claramente todos los problemas relacionados con el foro interno y algunos que tienen que ver con el foro externo. Sobre la ley. En general y en particular
Mención de responsabilidad, etc. [NR] Martín De Bonacina
Código de idioma del título traducido [NR] spa
245 10 - MENCION DE TITULO [NR]
Título [NR] Summae Moralis Theologiae. Sive tractatuum de casibus conscientiae in quibus fere omnes difficultates, ad internum et plurimae ad externum forum pertienentes breviter ac perspicue exponuntur. Tomus secundus ...
Mención de responsabilidad, etc. [NR] Autore Martino Bonacina
246 13 - FORMA VARIANTE DEL TITULO [R]
Título propiamente dicho/forma breve del título [NR] Compendio de Teología Moral. Tratado de casos de conciencia en el que se exponen, breve y claramente todos los problemas relacionados con el foro interno y algunos que tienen que ver con el foro externo. Sobre la ley. En general y en particular
250 ## - MENCION DE EDICION [NR]
Mención de edición [NR] Omnia in hac novissima editione diligenter ab ipso autore recognita, et quareplurimis de nono additus locupupletata [En esta última edición todos los temas fueron revisados cuidadosamente por el mismo Autor y se completó con nuevas adiciones]
260 ## - PUBLICACION, DISTRIBUCION, ETC. (PIE DE IMPRENTA) [R]
Lugar de publicación, distribución, etc. [R] Lion (Francia)
Nombre del editor, distribuidor, etc. [R] Sumptibus Iacobi & Matthaei Prost. Fratrum [A expensas de los hermanos Jacobo y Mateo Prost]
Fecha de publicación, distribución, etc. [R] 1626-1627
300 ## - DESCRIPCION FISICA [R]
Extensión [R] 331, [39] ; 248, [23] ; [8], 100, [9]; [8], 166 [ei 168], [12] páginas
500 ## - NOTA GENERAL [R]
Nota general [NR] Detalles físicos: Encuaderna varias obras en un solo volumen. Encuadernación rígida en cartón duro forrado en piel, deteriorada en lomo, tapas y bordes. Tapas con repujado en forma de recuadro. Guardas con manchas de humedad, rotas y con marcas. Notorias restauraciones en primeras páginas. Varias portadas la primera a una sola tinta, con un grabado ordinario que probablemente representa el emblema de los editores (dos figuras femeninas una de ellas, es la prudencia que sostienen un libro, enmarcan un óvalo donde hay un elefante delante de una palmera. En la parte inferior, un lema latino que dice: "Por los que son buenos y sabios"). Algunas cenefas decorativas y mayúsculas capitales al comienzo de cada obra. Texto regularmente impreso en dos columnas muy densas y apretadas, sobre papel bueno y delgado. Signaturas y Reclamos. Papel con manchas de humedad. Otra portada impresa a dos tintas, con un grabado (calcografía, firmado: "Lo hizo C. Audran").
500 ## - NOTA GENERAL [R]
Nota general [NR] Otros detalles: Anotación en guarda: "Doctor Aguado". Al respaldo: "Abaluado (sic) en tres pesos ...". Y en la portada, varias marcas de propiedad que fueron tachadas. Un sello de tinta que dice: "Del Colegio de Ntra. Sra. Del Rosario".
500 ## - NOTA GENERAL [R]
Nota general [NR] Últimas dos portadas modifican el editor.
505 0# - NOTA DE CONTENIDO CON FORMATO PREESTABLECIDO [R]
Nota de contenido con formato preestablecido [NR] V.2: Tratado sobre la ley. ; En general y en particular. ; Tratados sobre la restitución y los contratos. ; Tratado sobre la clausura y las penas que se imponen a quienes la quebrantan. ; Tratado sobre la simonía. ; Cinco estudios sobre otros temas.
506 ## - NOTA DE RESTRICCIONES DE ACCESO [R]
Condiciones de acceso [NR] Consulta en sala.
546 ## - NOTA DE IDIOMA [R]
Nota de idioma [NR] Texto en latín
650 04 - ASIENTO SECUNDARIO DE MATERIA - TERMINO TEMATICO [R]
Término temático o nombre geográfico como elemento de entrada [NR] Derecho canónico
Subdivisión general [R] Obras anteriores a 1700
9 (RLIN) 12710
650 04 - ASIENTO SECUNDARIO DE MATERIA - TERMINO TEMATICO [R]
Término temático o nombre geográfico como elemento de entrada [NR] Religión y moral
Subdivisión general [R] Obras anteriores a 1700
9 (RLIN) 23513
650 04 - ASIENTO SECUNDARIO DE MATERIA - TERMINO TEMATICO [R]
Término temático o nombre geográfico como elemento de entrada [NR] Teología
9 (RLIN) 25230
650 04 - ASIENTO SECUNDARIO DE MATERIA - TERMINO TEMATICO [R]
Término temático o nombre geográfico como elemento de entrada [NR] Teología
Subdivisión general [R] Obras anteriores a 1700
9 (RLIN) 25230
700 1# - ASIENTO SECUNDARIO - NOMBRE PERSONAL [R]
Nombre personal [NR] Cavellat, Cardon
Término de relación [R]
700 1# - ASIENTO SECUNDARIO - NOMBRE PERSONAL [R]
Nombre personal [NR] Cavellat, Pedro
Término de relación [R]
700 1# - ASIENTO SECUNDARIO - NOMBRE PERSONAL [R]
Nombre personal [NR] Prost, Jacobo
Término de relación [R]
700 1# - ASIENTO SECUNDARIO - NOMBRE PERSONAL [R]
Nombre personal [NR] Prost, Mateo
Término de relación [R]
942 ## - ELEMENTOS DE ENTRADA AGREGADOS (KOHA)
Tipo de ítem principal el descrito en 300a Libro
Tema principal Religión
Edición 1
Sistema de clasificación DEWEY
Clasificación 291.5
Existencias
Total préstamos Código de barras Última vez visto Volúmen / Fascículo Ejemplar Price effective from Tipo de ítem Perdido Sistema de clasificación Dañado No prestable Tipo de ítem específico Suprimido Ubicación habitual Ubicación actual Localización Fecha de creación Forma de adquisición Costo
  L003418 15/12/2012 E23N037 V.2 Ej.1 03/02/2013 Libro   DEWEY     Libro archivo     Archivo Histórico Archivo histórico 28/02/2014 Donación 0.00